[Event "Madrid ch 2022-2023 Final"]
[Site "Madrid ESP"]
[Date "2023.05.27"]
[Round "6.6"]
[White "Fernandez Rosado, Roberto"]
[Black "Gaibor Gallardo, Gonzalo"]
[Result "1-0"]
[WhiteElo "2126"]
[BlackElo "1923"]
[PlyCount "139"]
[EventDate "2023.05.22"]
[EventType "swiss"]
[EventRounds "7"]
[SourceTitle "Ajedrez en Madrid"]
[Source "lmi"]
[SourceDate "2023.05.22"]
[SourceVersion "1"]
[SourceVersionDate "2023.05.29"]
[SourceQuality "1"]

1. e4 c6 2. d4 d5 3. exd5 cxd5 4. Bd3 Nf6 5. c3 Nc6 6. Bf4 Bg4 7. Qb3 Qd7 8.
Nd2 e6 9. Ngf3 Bd6 10. Bxd6 Qxd6 11. O-O O-O 12. Rfe1 Bxf3 13. Nxf3 Rab8 14. a4
Rfc8 15. Ne5 Na5 16. Qd1 a6 17. Qe2 Qc7 18. f4 g6 19. Rf1 Nc4 20. Kh1 b5 21.
axb5 axb5 22. Ra6 Rb6 23. Rfa1 Rxa6 24. Rxa6 Qb7 25. Ra2 Ra8 26. b3 Nd6 27. g3
Rxa2 28. Qxa2 b4 29. Qa5 bxc3 30. Qxc3 Nfe4 31. Qc2 Qa7 32. Bxe4 Nxe4 33. Nc6
Qa1+ 34. Kg2 Qc3 35. Qxc3 Nxc3 36. Kf3 Nb5 37. h3 Kf8 38. g4 h6 39. h4 f6 40.
Ke3 Ke8 41. g5 hxg5 42. hxg5 Kf7 43. b4 Nd6 44. Na7 fxg5 45. fxg5 Nf5+ 46. Kd3
Ke7 47. Nc6+ Kd6 48. Ne5 Ne7 49. Kc3 Kc7 50. b5 Kb6 51. Kb4 Nf5 52. Nxg6 Nxd4
53. Nf8 e5 54. g6 Nf5 55. Nd7+ Kb7 56. Nxe5 Ng7 57. Kc5 d4 58. Kxd4 Kb6 59. Kc4
Ne6 60. Kb4 Ng7 61. Nc4+ Kc7 62. Ka5 Ne6 63. b6+ Kb8 64. Nd6 Ng7 65. Ka6 Ka8
66. Kb5 Kb8 67. Kc6 Ka8 68. Kc7 Ne8+ 69. Kd7 Ng7 70. Kc8 1-0

[Event "Madrid ch 2022-2023 Final"]
[Site "Madrid ESP"]
[Date "2023.05.27"]
[Round "6.7"]
[White "Lozano Freras, Sergio"]
[Black "Rodriguez Avila, Alvaro"]
[Result "1-0"]
[WhiteElo "1971"]
[BlackElo "2114"]
[PlyCount "87"]
[EventDate "2023.05.22"]
[EventType "swiss"]
[EventRounds "7"]
[SourceTitle "Ajedrez en Madrid"]
[Source "lmi"]
[SourceDate "2023.05.22"]
[SourceVersion "1"]
[SourceVersionDate "2023.05.29"]
[SourceQuality "1"]

1. e4 c5 2. c3 d5 3. exd5 Nf6 4. Bb5+ Bd7 5. Bxd7+ Qxd7 6. c4 e6 7. dxe6 fxe6
8. Nf3 Nc6 9. O-O O-O-O 10. Qe2 Bd6 11. d3 h6 12. Nc3 g5 13. Ne4 Nxe4 14. Qxe4
g4 15. Qxg4 Rhg8 16. Qh3 Rg6 17. Be3 Rdg8 18. Ne1 Ne5 19. f4 Ng4 20. Rd1 Qa4
21. Rd2 Qxa2 22. b4 Qa3 23. Nc2 Qc3 24. b5 Kb8 25. Qf3 Qg7 26. Ne1 h5 27. Kh1
h4 28. d4 Bc7 29. dxc5 Ba5 30. Re2 h3 31. g3 Qc3 32. Bg1 Qxc4 33. Qd3 Qc1 34.
b6 axb6 35. cxb6 Bxb6 36. Rc2 Qb1 37. Rc8+ Kxc8 38. Qxb1 Bxg1 39. Kxg1 e5 40.
fxe5 Nxe5 41. Qf5+ Nd7 42. Qxh3 R8g7 43. Nd3 Kb8 44. Qf5 1-0

[Event "Madrid ch 2022-2023 Final"]
[Site "Madrid ESP"]
[Date "2023.05.27"]
[Round "6.8"]
[White "Carela Ferrer, Francisco Javier"]
[Black "Rodriguez Melendez, Juan Humbert"]
[Result "0-1"]
[WhiteElo "1869"]
[BlackElo "2069"]
[PlyCount "104"]
[EventDate "2023.05.22"]
[EventType "swiss"]
[EventRounds "7"]
[SourceTitle "Ajedrez en Madrid"]
[Source "lmi"]
[SourceDate "2023.05.22"]
[SourceVersion "1"]
[SourceVersionDate "2023.05.29"]
[SourceQuality "1"]

1. e4 c5 2. Nf3 Nc6 3. d4 cxd4 4. Nxd4 Nf6 5. Nxc6 bxc6 6. Qd3 e5 7. Be2 d5 8.
exd5 cxd5 9. O-O Be7 10. Qg3 O-O 11. Qxe5 Bd6 12. Qd4 Qc7 13. Nc3 Bxh2+ 14. Kh1
Be5 15. Qh4 Bf5 16. Bg5 d4 17. Nb5 Qxc2 18. f4 Qxe2 19. fxe5 Qxe5 20. Nxd4 Bg6
21. Rae1 Ne4 22. Nf3 Qd5 23. Bf4 Rfe8 24. a3 Rac8 25. Rd1 Qb5 26. Rfe1 Qxb2 27.
Be5 Qb7 28. Rd4 Nc5 29. Red1 f6 30. Bd6 Ne4 31. Bf4 Rc5 32. Rd7 Qb2 33. Rxg7+
Kxg7 34. Rd7+ Kg8 35. Be5 Rcxe5 36. Nxe5 Qxe5 37. Kg1 Qc5+ 38. Kh2 Re7 39. Rd1
Kg7 40. a4 Qc2 41. Rf1 Qxa4 42. Rxf6 Qb4 43. Rf1 Qd6+ 44. Kg1 Qc5+ 45. Kh2 Re5
46. Rf4 Rh5 47. Rxe4 Bxe4 48. Qxh5 Qxh5+ 49. Kg3 Qg6+ 50. Kh4 Qxg2 51. Kh5 Bf3+
52. Kh4 Qg4# 0-1

[Event "Madrid ch 2022-2023 Final"]
[Site "Madrid ESP"]
[Date "2023.05.28"]
[Round "7.1"]
[White "Plazuelo Pascual, Juan"]
[Black "Horcajuelo Rocamora, Martin"]
[Result "1/2-1/2"]
[WhiteElo "2459"]
[BlackElo "2274"]
[PlyCount "24"]
[EventDate "2023.05.22"]
[EventType "swiss"]
[EventRounds "7"]
[SourceTitle "Ajedrez en Madrid"]
[Source "lmi"]
[SourceDate "2023.05.22"]
[SourceVersion "1"]
[SourceVersionDate "2023.05.29"]
[SourceQuality "1"]

1. e4 c5 2. Nf3 d6 3. d4 cxd4 4. Nxd4 Nf6 5. Nc3 a6 6. Be2 e6 7. O-O Be7 8. f4
O-O 9. Be3 Qc7 10. a4 Nc6 11. Kh1 Bd7 12. Qe1 Nxd4 1/2-1/2

[Event "Madrid ch 2022-2023 Final"]
[Site "Madrid ESP"]
[Date "2023.05.28"]
[Round "7.2"]
[White "Martinez Fernandez, Raul"]
[Black "Neagu, Roberto Florin"]
[Result "0-1"]
[WhiteElo "2190"]
[BlackElo "2278"]
[PlyCount "118"]
[EventDate "2023.05.22"]
[EventType "swiss"]
[EventRounds "7"]
[SourceTitle "Ajedrez en Madrid"]
[Source "lmi"]
[SourceDate "2023.05.22"]
[SourceVersion "1"]
[SourceVersionDate "2023.05.29"]
[SourceQuality "1"]

1. e4 c5 2. Nf3 Nc6 3. d4 cxd4 4. Nxd4 e5 5. Nb5 d6 6. c4 Be7 7. N1c3 a6 8. Na3
Be6 9. Nc2 Bg5 10. Bxg5 Qxg5 11. Ne3 Qd8 12. Qa4 Nf6 13. Rd1 O-O 14. Rd2 b5 15.
cxb5 axb5 16. Qxb5 Nd4 17. Qd3 Bxa2 18. Be2 Qb6 19. O-O Rfd8 20. Bd1 Be6 21.
Re1 Qb7 22. f3 Ra6 23. Ne2 Nxe2+ 24. Rexe2 Rb6 25. Rf2 Rb4 26. g3 g6 27. Kg2
Qb6 28. Rc2 Rb3 29. Rc3 Rxb2 30. Rxb2 Qxb2+ 31. Qc2 Qb4 32. Be2 Ra8 33. Bc4 Rc8
34. Qd3 Rc5 35. Rc2 Bxc4 36. Rxc4 Qb2+ 37. Rc2 Rxc2+ 38. Qxc2 Qxc2+ 39. Nxc2 d5
40. exd5 Nxd5 41. Kf2 f5 42. Ke2 Kf7 43. Kd3 h5 44. Ne3 Ke6 45. Nc4 g5 46. Nd2
Nf6 47. Ke3 Kd5 48. Nf1 Kc4 49. Nd2+ Kc3 50. Nb1+ Kb2 51. Nd2 Kc3 52. Nb1+ Kc4
53. Nd2+ Kd5 54. Nf1 Nd7 55. Nd2 Nc5 56. f4 exf4+ 57. gxf4 g4 58. Nb1 Ne4 59.
Kd3 h4 0-1

[Event "Madrid ch 2022-2023 Final"]
[Site "Madrid ESP"]
[Date "2023.05.28"]
[Round "7.3"]
[White "Rey Martinez, Jaime"]
[Black "Moreno Ruiz, Javier"]
[Result "1-0"]
[WhiteElo "2217"]
[BlackElo "2430"]
[PlyCount "125"]
[EventDate "2023.05.22"]
[EventType "swiss"]
[EventRounds "7"]
[SourceTitle "Ajedrez en Madrid"]
[Source "lmi"]
[SourceDate "2023.05.22"]
[SourceVersion "1"]
[SourceVersionDate "2023.05.29"]
[SourceQuality "1"]

1. e4 d6 2. d4 Nf6 3. Nc3 g6 4. f4 Bg7 5. Bd3 Nc6 6. d5 Nb4 7. Be2 c6 8. a3 Na6
9. dxc6 bxc6 10. Nf3 Qb6 11. e5 Ng4 12. Qd4 dxe5 13. Qxb6 axb6 14. h3 Nb4 15.
Bd1 e4 16. hxg4 exf3 17. gxf3 Be6 18. Kf2 f5 19. Be3 c5 20. Nb5 Nd5 21. Re1 Kf7
22. c3 Nxe3 23. Rxe3 Rad8 24. Nc7 Bc4 25. Be2 Rd2 26. Ke1 Rxe2+ 27. Rxe2 Bxe2
28. Kxe2 h5 29. gxf5 gxf5 30. Nd5 b5 31. Ne3 e6 32. a4 Ra8 33. a5 Ra6 34. Nc2
h4 35. Kf2 Ke7 36. Ne1 Kd6 37. Rd1+ Kc6 38. Nd3 Rxa5 39. Nxc5 Ra2 40. Nd3 Kb6
41. Kg1 Ra7 42. Re1 Re7 43. Kh2 Bf6 44. Kh3 Kc7 45. Rg1 Rd7 46. Nc5 Rd2 47. Rg6
Be7 48. Nxe6+ Kd7 49. Nd4 Rxb2 50. Rb6 b4 51. Rb7+ Ke8 52. Nxf5 Bf8 53. cxb4
Bxb4 54. Nxh4 Rb1 55. Kg4 Rg1+ 56. Kf5 Bd2 57. Ng6 Rf1 58. Ke6 Re1+ 59. Ne5 Kf8
60. Kf6 Kg8 61. Rg7+ Kf8 62. Rc7 Kg8 63. Ng6 1-0

[Event "Madrid ch 2022-2023 Final"]
[Site "Madrid ESP"]
[Date "2023.05.28"]
[Round "7.4"]
[White "Fernandez Rosado, Roberto"]
[Black "Ruiz Vazquez, Javier"]
[Result "1-0"]
[WhiteElo "2126"]
[BlackElo "1983"]
[PlyCount "107"]
[EventDate "2023.05.22"]
[EventType "swiss"]
[EventRounds "7"]
[SourceTitle "Ajedrez en Madrid"]
[Source "lmi"]
[SourceDate "2023.05.22"]
[SourceVersion "1"]
[SourceVersionDate "2023.05.29"]
[SourceQuality "1"]

1. e4 c5 2. Nf3 d6 3. d4 cxd4 4. Nxd4 Nf6 5. Nc3 a6 6. Bg5 Nbd7 7. Bc4 Qb6 8.
Bb3 e6 9. Qd2 Be7 10. O-O-O Nc5 11. Rhe1 Qc7 12. f4 h6 13. Bxf6 Bxf6 14. Nf3
Be7 15. e5 Nxb3+ 16. axb3 d5 17. f5 Bd7 18. f6 Bf8 19. Kb1 g6 20. Nd4 O-O-O 21.
Qf4 Kb8 22. g4 Rc8 23. h4 h5 24. g5 Ka8 25. Re3 Qa5 26. Red3 Bc5 27. Nce2 Bb5
28. Nxb5 Qxb5 29. Nd4 Bxd4 30. Rxd4 Qe2 31. R4d2 Qb5 32. Qa4 Qxa4 33. bxa4 Rc4
34. Rd4 Rhc8 35. c3 Ka7 36. Kc2 Kb6 37. R1d3 Rxd4 38. Rxd4 Rc4 39. b4 a5 40.
Kb3 axb4 41. Rxc4 dxc4+ 42. Kxb4 Ka6 43. Kxc4 Ka5 44. Kb3 Kb6 45. Kb4 Kc6 46.
a5 Kc7 47. Kc5 Kd7 48. Kb6 Kc8 49. c4 Kb8 50. c5 Kc8 51. c6 Kb8 52. Kc5 Kc7 53.
cxb7 Kd7 54. b8=R 1-0

[Event "Madrid ch 2022-2023 Final"]
[Site "Madrid ESP"]
[Date "2023.05.28"]
[Round "7.5"]
[White "Centeno Mendoza, Julio Stefano"]
[Black "Lazaro Azcutia, Miguel"]
[Result "1/2-1/2"]
[WhiteElo "2148"]
[BlackElo "1953"]
[PlyCount "93"]
[EventDate "2023.05.22"]
[EventType "swiss"]
[EventRounds "7"]
[SourceTitle "Ajedrez en Madrid"]
[Source "lmi"]
[SourceDate "2023.05.22"]
[SourceVersion "1"]
[SourceVersionDate "2023.05.29"]
[SourceQuality "1"]

{[%evp 0,78,19,38,25,7,22,28,47,10,3,5,32,18,63,-5,7,-11,-6,-13,-1,-10,-10,-6,
17,-7,-7,-10,2,-13,23,-1,36,25,16,7,31,20,35,-27,-40,-51,-30,-18,0,0,11,-7,35,
26,15,18,20,12,61,26,44,41,41,41,40,16,36,19,0,0,0,-21,16,0,41,13,48,32,0,0,
108,-160,-144,-201,-252]} 1. e4 e5 2. Nf3 Nc6 3. Bc4 Bc5 4. d3 Nf6 5. O-O a6 6.
c3 Ba7 7. Bb3 d6 8. Nbd2 O-O 9. h3 Be6 10. Bxe6 fxe6 11. Nc4 Ne7 12. Qe2 b5 13.
Na3 Ng6 14. g3 Re8 15. Be3 d5 16. Bxa7 Rxa7 17. Qe3 Ra8 18. Nc2 Qd6 19. exd5
exd5 20. d4 e4 21. Nd2 Qd7 22. Kg2 h6 23. Qe2 Nh7 24. h4 Nf6 25. Ne3 Rf8 26.
Nb3 Rae8 27. Nc5 Qc8 28. a4 c6 29. axb5 axb5 30. Ra7 Ne7 31. Rfa1 Nf5 32. Nd1
Nd6 33. b3 h5 34. R1a2 Ng4 35. Rd7 Rf6 36. Raa7 Nf5 37. Kh3 Ref8 38. Ne3 Ngxe3
39. fxe3 Qe8 40. g4 hxg4+ 41. Qxg4 Qg6 42. Qg5 Qxg5 43. hxg5 Rg6 44. Kg4 Kh7
45. Kh5 Ng3+ 46. Kg4 Nf5 47. Kh5 1/2-1/2

[Event "Madrid ch 2022-2023 Final"]
[Site "Madrid ESP"]
[Date "2023.05.28"]
[Round "7.6"]
[White "Barraza Caracuel, Ignacio"]
[Black "Lozano Freras, Sergio"]
[Result "1/2-1/2"]
[WhiteElo "2042"]
[BlackElo "1971"]
[PlyCount "99"]
[EventDate "2023.05.22"]
[EventType "swiss"]
[EventRounds "7"]
[SourceTitle "Ajedrez en Madrid"]
[Source "lmi"]
[SourceDate "2023.05.22"]
[SourceVersion "1"]
[SourceVersionDate "2023.05.29"]
[SourceQuality "1"]

1. d4 d6 2. Nf3 Nf6 3. c4 g6 4. Nc3 Bg7 5. Bg5 O-O 6. e3 c5 7. d5 h6 8. Bh4 e6
9. Nd2 exd5 10. cxd5 Na6 11. Be2 Nc7 12. e4 b5 13. Nxb5 Nxb5 14. Bxb5 g5 15.
Bg3 Nxe4 16. O-O Nxg3 17. hxg3 Rb8 18. Bd3 Rxb2 19. Nc4 Rb8 20. Rc1 Ba6 21. Qg4
Qf6 22. Qe4 Qg6 23. Qxg6 fxg6 24. Bxg6 Bd4 25. g4 Rf4 26. g3 Rf6 27. Bd3 Bxc4
28. Rxc4 Rf3 29. Bf5 Rxg3+ 30. Kh2 Rf3 31. Kg2 Rf4 32. Rc2 Rb2 33. Rxb2 Bxb2
34. Re1 Be5 35. Re3 Ra4 36. a3 c4 37. Re4 Kf7 38. Bd7 Rxa3 39. Rxc4 a5 40. Rc7
Bd4 41. Be6+ Kg6 42. Re7 Be5 43. Bf5+ Kf6 44. Re6+ Kf7 45. Bg6+ Kg7 46. Bh5 Rd3
47. Re7+ Kf8 48. Re8+ Kg7 49. Re7+ Kf8 50. Re8+ 1/2-1/2

[Event "Madrid ch 2022-2023 Final"]
[Site "Madrid ESP"]
[Date "2023.05.28"]
[Round "7.7"]
[White "Rodriguez Melendez, Juan Humbert"]
[Black "Rodriguez Avila, Alvaro"]
[Result "0-1"]
[WhiteElo "2069"]
[BlackElo "2114"]
[PlyCount "118"]
[EventDate "2023.05.22"]
[EventType "swiss"]
[EventRounds "7"]
[SourceTitle "Ajedrez en Madrid"]
[Source "lmi"]
[SourceDate "2023.05.22"]
[SourceVersion "1"]
[SourceVersionDate "2023.05.29"]
[SourceQuality "1"]

1. d4 Nf6 2. c4 e6 3. g3 d5 4. Bg2 dxc4 5. Nf3 Bd7 6. Ne5 Bc6 7. Nxc6 Nxc6 8.
e3 e5 9. O-O Qd7 10. Qa4 exd4 11. Qxc4 O-O-O 12. exd4 Nxd4 13. Nc3 Qe6 14. Qa4
Kb8 15. Be3 Bc5 16. Rad1 Qg4 17. Bxd4 Bxd4 18. Qb3 Bb6 19. Qxf7 h5 20. Qb3 Rxd1
21. Rxd1 h4 22. Na4 hxg3 23. hxg3 Qh5 24. Nxb6 axb6 25. Qf3 Qxf3 26. Bxf3 Re8
27. Kf1 g5 28. Rd4 c6 29. Rd6 Rf8 30. Re6 Rf7 31. Re5 Nd7 32. Re8+ Kc7 33. Kg2
Rg7 34. Re6 Nc5 35. Re3 b5 36. Kh3 b4 37. Kg4 Kd6 38. Bd1 Ne6 39. f3 Nd4 40. a3
bxa3 41. Rxa3 b5 42. Kh5 Ke5 43. Kg4 c5 44. Re3+ Kf6 45. Ra3 Rg8 46. Ra6+ Ke5
47. Rh6 Nf5 48. Rc6 Ne3+ 49. Kh5 Kd5 50. Bb3+ c4 51. Rb6 cxb3 52. Rxb5+ Kc4 53.
Re5 Nd1 54. Re2 Kd3 55. Rg2 Ke3 56. Kg4 Nf2+ 57. Kf5 Kxf3 58. Rg1 Rd8 59. Rc1
g4 0-1

[Event "Madrid ch 2022-2023 Final"]
[Site "Madrid ESP"]
[Date "2023.05.28"]
[Round "7.8"]
[White "Gaibor Gallardo, Gonzalo"]
[Black "Carela Ferrer, Francisco Javier"]
[Result "0-1"]
[WhiteElo "1923"]
[BlackElo "1869"]
[PlyCount "118"]
[EventDate "2023.05.22"]
[EventType "swiss"]
[EventRounds "7"]
[SourceTitle "Ajedrez en Madrid"]
[Source "lmi"]
[SourceDate "2023.05.22"]
[SourceVersion "1"]
[SourceVersionDate "2023.05.29"]
[SourceQuality "1"]

1. d4 Nf6 2. Nf3 g6 3. c4 d6 4. Nc3 Bg7 5. e4 O-O 6. Be2 c5 7. O-O cxd4 8. Nxd4
Nc6 9. Be3 Nxd4 10. Bxd4 Bd7 11. f4 Bc6 12. Bf3 Nd7 13. Kh1 a5 14. Rc1 a4 15.
Bxg7 Kxg7 16. Qd4+ Kg8 17. Nd5 Bxd5 18. cxd5 Qa5 19. Rc3 Rfc8 20. Rfc1 Rxc3 21.
Rxc3 Nc5 22. h4 Qd8 23. Bg4 e5 24. dxe6 Qxh4+ 25. Rh3 Qe1+ 26. Kh2 Nxe6 27.
Bxe6 fxe6 28. Qxd6 Qxe4 29. Qc7 h5 30. Rc3 Rf8 31. Rc4 Qe1 32. Qe5 Qxe5 33.
fxe5 Rf2 34. Rb4 a3 35. bxa3 Rxa2 36. Rb3 Kf8 37. Kh3 Re2 38. Rxb7 Rxe5 39. a4
Ra5 40. Kh4 Rxa4+ 41. Kg5 Rg4+ 42. Kf6 Kg8 43. Rb2 Kh7 44. Kxe6 Rf4 45. Ke5 Rg4
46. Kf6 Kh6 47. Ra2 Rf4+ 48. Ke5 Kg5 49. Rb2 Rf1 50. Ke4 Kg4 51. Ke3 g5 52. Ra2
h4 53. Rb2 Kg3 54. Re2 Rg1 55. Ke4 Rxg2 56. Re3+ Kg4 57. Re1 h3 58. Rh1 h2 59.
Ke3 Kg3 0-1